[Event "Chigorin Memorial"]
[Site "St Petersburg"]
[Date "2015.10.03"]
[Round "1.97"]
[White "Shmoilov, Dmitry"]
[Black "Samdanov, Samdan"]
[Result "0-1"]
[WhiteElo "1934"]
[BlackElo "2315"]
[PlyCount "92"]
[EventDate "2015.10.03"]
[EventType "swiss"]
[EventRounds "9"]
[EventCountry "RUS"]

1. d4 Nf6 2. c4 g6 3. f3 e5 4. dxe5 Nh5 5. Nh3 Qh4+ 6. Nf2 Qxc4 7. Nc3 Bb4 8.
Nfe4 f5 9. exf6 O-O 10. Bg5 d5 11. e3 Qc6 12. Qd4 dxe4 13. Qxb4 exf3 14. Bb5
Qd6 15. Qxd6 cxd6 16. Bc4+ Kh8 17. O-O Nc6 18. Ne4 Ne5 19. Bd5 Bf5 20. gxf3 h6
21. Bxh6 Bxe4 22. Bxe4 Rxf6 23. Rac1 Nf7 24. Bf4 Nxf4 25. exf4 Rxf4 26. Rc7 Rb8
27. Rfc1 Ng5 28. Rxb7 Rxb7 29. Bxb7 Rb4 30. Rc8+ Kg7 31. Bd5 Rxb2 32. Rc7+ Kf6
33. Rxa7 Ke5 34. Ra5 Kd4 35. h4 Nh3+ 36. Kf1 Nf4 37. Be4 d5 38. Ra4+ Ke3 39.
Ra3+ Kd2 40. Bxg6 Nxg6 41. h5 Nf4 42. h6 Rb6 43. Ra4 Ke3 44. Ra3+ Nd3 45. Ra5
d4 46. Rh5 Rb1+ 0-1

[Event "Chigorin Memorial"]
[Site "St Petersburg"]
[Date "2015.10.03"]
[Round "1.98"]
[White "Hojjatova, Aydan"]
[Black "Fedoseeva, Valentina"]
[Result "1-0"]
[WhiteElo "2315"]
[BlackElo "1932"]
[PlyCount "79"]
[EventDate "2015.10.03"]
[EventType "swiss"]
[EventRounds "9"]
[EventCountry "RUS"]

1. b3 d5 2. Bb2 e6 3. e3 Nf6 4. f4 c5 5. Nf3 Nc6 6. Bb5 Bd6 7. Ne5 Qb6 8. Be2
d4 9. Nc4 Qd8 10. Nxd6+ Qxd6 11. O-O O-O 12. Na3 Rd8 13. Bf3 Qc7 14. Qe2 Nd5
15. Qf2 Ndb4 16. g3 a6 17. e4 b5 18. d3 Bb7 19. Nb1 Ne7 20. a3 Nbc6 21. Nd2 e5
22. f5 f6 23. g4 Nc8 24. h4 Qe7 25. Kh2 Nd6 26. Rg1 Rd7 27. g5 Rf8 28. g6 hxg6
29. Rxg6 Ba8 30. Qe2 Ra7 31. Rag1 Rf7 32. Bh5 Qc7 33. R6g3 Re7 34. Bg6 Nf7 35.
Bh7+ Kf8 36. Rxg7 Ke8 37. Qh5 Ncd8 38. Bg6 Qd6 39. Qh7 Bc6 40. Qg8+ 1-0

[Event "Chigorin Memorial"]
[Site "St Petersburg"]
[Date "2015.10.03"]
[Round "1.99"]
[White "Shakirova, Renata"]
[Black "Pushkov, Nikolai"]
[Result "1/2-1/2"]
[WhiteElo "1932"]
[BlackElo "2314"]
[PlyCount "85"]
[EventDate "2015.10.03"]
[EventType "swiss"]
[EventRounds "9"]
[EventCountry "RUS"]

1. e4 e6 2. d4 d5 3. Nc3 Bb4 4. e5 Ne7 5. Qg4 c5 6. dxc5 Nbc6 7. Bd2 Ng6 8. Nf3
O-O 9. O-O-O Bxc5 10. Qg3 a6 11. h4 Qc7 12. Re1 f6 13. exf6 Bd6 14. Qg4 Rxf6
15. h5 Nge5 16. Nxe5 Nxe5 17. Qh4 Rf8 18. h6 g6 19. f4 Nc4 20. Bxc4 Qxc4 21. g3
Bd7 22. Kb1 Rac8 23. Rc1 b5 24. Rhe1 b4 25. Nd1 Qd4 26. Be3 Qf6 27. Qxf6 Rxf6
28. Bd4 Rff8 29. Ne3 Bc5 30. Be5 Bxe3 31. Rxe3 Rc6 32. Rb3 a5 33. a3 bxa3 34.
Rxa3 Ra8 35. Rb3 Bc8 36. Re1 Kf7 37. Ree3 Ke7 38. Rec3 Bd7 39. Rb7 Rxc3 40.
Bxc3 a4 41. Bb4+ Kd8 42. Bd6 Rc8 43. Rb8 1/2-1/2

[Event "Chigorin Memorial"]
[Site "St Petersburg"]
[Date "2015.10.03"]
[Round "1.100"]
[White "Zhurikhin, Alexander"]
[Black "Voronenkov, Sergey"]
[Result "1-0"]
[WhiteElo "2309"]
[BlackElo "1926"]
[PlyCount "59"]
[EventDate "2015.10.03"]
[EventType "swiss"]
[EventRounds "9"]
[EventCountry "RUS"]

1. e4 c5 2. Nf3 d6 3. Bb5+ Bd7 4. Bxd7+ Qxd7 5. O-O e6 6. Qe2 Nc6 7. Rd1 Nge7
8. c3 d5 9. d4 cxd4 10. cxd4 dxe4 11. Qxe4 Nd5 12. Nc3 Be7 13. Qg4 h5 14. Qxg7
Bf6 15. Qg3 O-O-O 16. Ne4 Be7 17. Ne5 Nxe5 18. Qxe5 f6 19. Qg3 Rdg8 20. Qf3 Rg4
21. Nc3 Rhg8 22. g3 h4 23. Nxd5 exd5 24. Bf4 hxg3 25. Rac1+ Kd8 26. hxg3 Bd6
27. Bxd6 Qxd6 28. Kg2 f5 29. Rc5 Re4 30. Qxf5 1-0

[Event "Chigorin Memorial"]
[Site "St Petersburg"]
[Date "2015.10.03"]
[Round "1.101"]
[White "Kokhnover, Ilya"]
[Black "Gogolev, Artem"]
[Result "0-1"]
[WhiteElo "1925"]
[BlackElo "2306"]
[PlyCount "64"]
[EventDate "2015.10.03"]
[EventType "swiss"]
[EventRounds "9"]
[EventCountry "RUS"]

1. e4 c5 2. Nf3 Nf6 3. e5 Nd5 4. Nc3 Nxc3 5. dxc3 Nc6 6. Bf4 Qb6 7. b3 Qc7 8.
Qd3 h6 9. h4 e6 10. O-O-O a6 11. g3 b5 12. Bg2 Bb7 13. Rhg1 Rb8 14. Qe3 Ne7 15.
Nd2 Bxg2 16. Rxg2 Nd5 17. Qf3 c4 18. Ne4 Qc6 19. Rxd5 exd5 20. Nd6+ Bxd6 21.
exd6 O-O 22. b4 Rfe8 23. Rg1 a5 24. a3 axb4 25. axb4 Re4 26. Rd1 Ra8 27. Kb2
Qa6 28. Kc1 d4 29. Qxe4 dxc3 30. Qxa8+ Qxa8 31. Kb1 Qa3 32. Bc1 Qxb4+ 0-1

[Event "Chigorin Memorial"]
[Site "St Petersburg"]
[Date "2015.10.03"]
[Round "1.102"]
[White "Shchukin, Dmitry"]
[Black "Rubtsov, Aleksandr"]
[Result "1-0"]
[WhiteElo "2299"]
[BlackElo "1924"]
[PlyCount "107"]
[EventDate "2015.10.03"]
[EventType "swiss"]
[EventRounds "9"]
[EventCountry "RUS"]

1. Nf3 d5 2. g3 Nf6 3. Bg2 Bf5 4. O-O e6 5. d3 c5 6. Nfd2 Nc6 7. e4 Bg6 8. Nc3
Be7 9. h3 dxe4 10. dxe4 e5 11. Nc4 O-O 12. Bg5 b5 13. Bxf6 bxc4 14. Bxe7 Qxe7
15. Qd5 Na5 16. Qd2 Qb7 17. Nd5 Nc6 18. c3 Rab8 19. Rab1 Rfd8 20. Qe2 Qb5 21.
Rfd1 f6 22. Bf1 Kh8 23. h4 Na5 24. h5 Bf7 25. h6 Bxd5 26. hxg7+ Kxg7 27. exd5
Qd7 28. Kh2 Rb6 29. Bh3 Qf7 30. Be6 Qg6 31. Kg2 h5 32. Rh1 Rh8 33. Rbd1 Rd6 34.
Rh4 Qg5 35. Rdh1 Rb6 36. Rxh5 Rxh5 37. Rxh5 Qg6 38. Bf5 Rxb2 39. Rh7+ Qxh7 40.
Qg4+ Kh8 41. Bxh7 Kxh7 42. Qd7+ Kg6 43. d6 Nb7 44. Qc7 Nxd6 45. Qxd6 Rxa2 46.
Qxc5 Rc2 47. Qxc4 Rc1 48. Kf3 a6 49. Qg8+ Kh6 50. c4 a5 51. Kg4 Rc3 52. f4 exf4
53. Kf5 Rxg3 54. Qh8# 1-0

[Event "Chigorin Memorial"]
[Site "St Petersburg"]
[Date "2015.10.03"]
[Round "1.103"]
[White "Mischeryakov, Alexey"]
[Black "Chekletsov, Ilya"]
[Result "1-0"]
[WhiteElo "1923"]
[BlackElo "2299"]
[PlyCount "91"]
[EventDate "2015.10.03"]
[EventType "swiss"]
[EventRounds "9"]
[EventCountry "RUS"]

1. e4 c5 2. Nf3 d6 3. d4 cxd4 4. Nxd4 Nf6 5. Nc3 g6 6. Be3 Bg7 7. Be2 O-O 8.
O-O Nc6 9. Nxc6 bxc6 10. f4 Rb8 11. Rb1 Qa5 12. Qd2 Bg4 13. Bd3 Rb7 14. f5 Rfb8
15. h3 Bh5 16. g4 Bxg4 17. hxg4 Nxg4 18. fxg6 hxg6 19. Nd1 Qxa2 20. c3 Nxe3 21.
Qxe3 c5 22. Qf3 Rf8 23. Ne3 Rxb2 24. Bc4 Qxb1 25. Bxf7+ Kh7 26. Rxb1 Rxb1+ 27.
Kg2 Rb2+ 28. Kh1 Bf6 29. Be6 Rb1+ 30. Kg2 Rb2+ 31. Kh1 Rb1+ 32. Kg2 Rb2+ 33.
Kh1 Rh8 34. Ng4 Kg7+ 35. Kg1 Rf8 36. Qe3 Rb1+ 37. Kg2 Rb2+ 38. Kg1 Rh8 39. Nxf6
Kxf6 40. Bc4 Rb1+ 41. Kg2 Rb2+ 42. Kg3 Rf8 43. Qh6 Rbb8 44. Qh4+ Kg7 45. Qxe7+
Kh6 46. Qxd6 1-0

[Event "Chigorin Memorial"]
[Site "St Petersburg"]
[Date "2015.10.03"]
[Round "1.104"]
[White "Rjabzev, Konstantin"]
[Black "Grishaev, Igor"]
[Result "1-0"]
[WhiteElo "2298"]
[BlackElo "1922"]
[PlyCount "53"]
[EventDate "2015.10.03"]
[EventType "swiss"]
[EventRounds "9"]
[EventCountry "RUS"]

1. e4 c5 2. Nf3 d6 3. Bb5+ Nd7 4. O-O Ngf6 5. Re1 g6 6. c3 Bg7 7. d4 O-O 8. e5
dxe5 9. dxe5 Ng4 10. e6 fxe6 11. h3 Nge5 12. Ng5 Nb6 13. Qxd8 Rxd8 14. Be3 Nec4
15. Bxc5 Nxb2 16. a4 Rd1 17. Rxd1 Nxd1 18. Bxb6 axb6 19. Ne4 e5 20. Nbd2 Bf5
21. Rxd1 Rd8 22. Re1 Bh6 23. Nf3 Rc8 24. c4 Rd8 25. g4 Bxe4 26. Rxe4 Rd3 27.
Kg2 1-0

[Event "Chigorin Memorial"]
[Site "St Petersburg"]
[Date "2015.10.03"]
[Round "1.105"]
[White "Komarov, Alexey"]
[Black "Rozhko, Dmitry"]
[Result "0-1"]
[WhiteElo "1921"]
[BlackElo "2298"]
[PlyCount "70"]
[EventDate "2015.10.03"]
[EventType "swiss"]
[EventRounds "9"]
[EventCountry "RUS"]

1. c4 c6 2. Nf3 d5 3. g3 Nf6 4. Bg2 g6 5. O-O Bg7 6. d4 O-O 7. Qb3 a5 8. a4
dxc4 9. Qxc4 Na6 10. Bd2 Ne4 11. Bc3 Nd6 12. Qb3 Be6 13. Qd1 Qb6 14. Nbd2 Nb4
15. e4 Rad8 16. Rc1 Nc4 17. Qe2 Nxd2 18. Qxd2 Bb3 19. Rfe1 Bxa4 20. Bf1 e5 21.
Bxb4 axb4 22. d5 cxd5 23. exd5 Rfe8 24. Bc4 h6 25. b3 Bd7 26. Qe3 Qd6 27. Nd2
f5 28. Nf3 Kh7 29. Red1 Bf6 30. Nd2 e4 31. h4 g5 32. hxg5 Bxg5 33. Qd4 e3 34.
Nf1 e2 35. Bxe2 Bxc1 0-1

[Event "Chigorin Memorial"]
[Site "St Petersburg"]
[Date "2015.10.03"]
[Round "1.106"]
[White "Beznosikov, Vladimir"]
[Black "Nuritdinov, Nizomiddin"]
[Result "1-0"]
[WhiteElo "2298"]
[BlackElo "1918"]
[PlyCount "105"]
[EventDate "2015.10.03"]
[EventType "swiss"]
[EventRounds "9"]
[EventCountry "RUS"]

1. e4 e6 2. Nf3 d5 3. Nc3 dxe4 4. Nxe4 Nf6 5. Nxf6+ Qxf6 6. d4 h6 7. Bd3 Bd6 8.
O-O O-O 9. Qe2 Qe7 10. Qe4 f5 11. Qe2 c5 12. c3 Nc6 13. Re1 cxd4 14. cxd4 Qf6
15. Qe3 Nb4 16. Bd2 Nd5 17. Qe2 Bd7 18. Bb5 Bc8 19. Bc4 a6 20. Rad1 b5 21. Bb3
Ra7 22. Ne5 Rc7 23. Ba5 Ra7 24. Qf3 Ne7 25. Bb6 Rb7 26. Bc5 Rd8 27. h3 Kh7 28.
Nd3 Nd5 29. Bxd6 Rxd6 30. Nc5 Re7 31. Qg3 Rd8 32. Qe5 Kg6 33. a3 Qxe5 34. Rxe5
Kf6 35. Rde1 g5 36. Bxd5 Rxd5 37. Rxd5 exd5 38. Rxe7 Kxe7 39. f4 Kf6 40. Kf2
Kg6 41. Kg3 g4 42. b4 Kf6 43. Kh4 Kg6 44. Nd3 h5 45. Nf2 Bd7 46. Nh1 Kf6 47.
Kxh5 gxh3 48. gxh3 Be8+ 49. Kh6 Bf7 50. Ng3 Be8 51. Nh5+ Kf7 52. Kg5 Bd7 53.
Ng3 1-0

[Event "Chigorin Memorial"]
[Site "St Petersburg"]
[Date "2015.10.03"]
[Round "1.107"]
[White "Scheglov, Dmitry"]
[Black "Tarasov, Alexandr"]
[Result "0-1"]
[WhiteElo "1910"]
[BlackElo "2297"]
[PlyCount "116"]
[EventDate "2015.10.03"]
[EventType "swiss"]
[EventRounds "9"]
[EventCountry "RUS"]

1. e4 e6 2. d4 d5 3. Nd2 c5 4. c3 cxd4 5. cxd4 dxe4 6. Nxe4 Bb4+ 7. Nc3 Nf6 8.
Bd3 O-O 9. Nf3 b6 10. O-O Bb7 11. a3 Bxc3 12. bxc3 Qc7 13. Bd2 Nbd7 14. Re1
Rad8 15. Qe2 Rfe8 16. Ne5 Nxe5 17. Qxe5 Qxe5 18. Rxe5 Rc8 19. a4 Bd5 20. a5 Bc4
21. Bxc4 Rxc4 22. axb6 axb6 23. Rb5 Nd5 24. Kf1 h6 25. Ke2 Rxc3 26. Rxb6 Rc4
27. Rb7 Rxd4 28. Raa7 Rf8 29. Bc1 g5 30. g3 Rb4 31. Rxb4 Nxb4 32. h4 f6 33. Kf3
Nc6 34. Rc7 Ne5+ 35. Ke4 Nf7 36. hxg5 hxg5 37. Re7 Nd6+ 38. Kd3 Re8 39. Rd7 Nf7
40. Ke2 Kg7 41. Bb2 Kg6 42. Rb7 Rc8 43. Kf3 Rc4 44. Rb8 g4+ 45. Ke3 e5 46. Rg8+
Kf5 47. Kd3 Rc6 48. Ke3 Ng5 49. Rb8 Rc2 50. Rb4 Nf3 51. Ba1 Ne1 52. Rb2 Rc1 53.
Ra2 Rxa1 54. Rxa1 Nc2+ 55. Ke2 Nxa1 56. f3 gxf3+ 57. Kxf3 Nb3 58. g4+ Kg5 0-1

[Event "Chigorin Memorial"]
[Site "St Petersburg"]
[Date "2015.10.03"]
[Round "1.108"]
[White "Mishuchkov, Nikolai M"]
[Black "Zolotyh, Lev"]
[Result "1-0"]
[WhiteElo "2295"]
[BlackElo "1906"]
[PlyCount "89"]
[EventDate "2015.10.03"]
[EventType "swiss"]
[EventRounds "9"]
[EventCountry "RUS"]

1. Nf3 d5 2. d4 Nf6 3. c4 dxc4 4. e3 Bg4 5. Bxc4 e6 6. h3 Bh5 7. O-O Be7 8. Nc3
O-O 9. Be2 Nc6 10. b3 Bb4 11. Bb2 Ne7 12. Rc1 Ned5 13. Ne5 Bxc3 14. Bxc3 Bxe2
15. Qxe2 Ne4 16. Be1 Qg5 17. f3 Ng3 18. Bxg3 Qxg3 19. Qf2 Qg5 20. f4 Qe7 21. e4
Nb6 22. Qc2 Qd6 23. Qc5 Rac8 24. a4 f6 25. Qxd6 cxd6 26. Nd3 f5 27. e5 dxe5 28.
dxe5 Kf7 29. Nc5 Rc7 30. Nxe6 Rxc1 31. Ng5+ Kg6 32. Rxc1 Nd5 33. g3 h6 34. Nf3
Kh5 35. Rd1 Nc3 36. Rd7 g5 37. fxg5 hxg5 38. Rh7+ Kg6 39. Rxb7 g4 40. Nh4+ Kh5
41. Rh7+ Kg5 42. hxg4 fxg4 43. Rg7+ Kh5 44. e6 Nd5 45. Rf7 1-0

[Event "Chigorin Memorial"]
[Site "St Petersburg"]
[Date "2015.10.03"]
[Round "1.109"]
[White "Ivanov, Artem"]
[Black "Malyshev, Grigory"]
[Result "0-1"]
[WhiteElo "1898"]
[BlackElo "2293"]
[PlyCount "108"]
[EventDate "2015.10.03"]
[EventType "swiss"]
[EventRounds "9"]
[EventCountry "RUS"]

1. e4 e6 2. d4 d5 3. Nc3 dxe4 4. Nxe4 Nd7 5. Nf3 Ngf6 6. Bd3 Nxe4 7. Bxe4 Nf6
8. Bd3 c5 9. c3 Be7 10. O-O O-O 11. Bf4 b6 12. Qe2 Bb7 13. Rad1 cxd4 14. Nxd4
Qc8 15. Be5 Nd7 16. Bg3 Nc5 17. Bc2 Bf6 18. Rfe1 Rd8 19. Be5 Nd7 20. Bxf6 Nxf6
21. Nb5 Qc6 22. f3 a6 23. Nd4 Qc5 24. Kh1 b5 25. a3 Bd5 26. Rd2 Rd6 27. Qe5 Nd7
28. Qg3 Nb6 29. Red1 g6 30. Nb3 Qc7 31. Be4 Rad8 32. Bxd5 Nxd5 33. Qe5 f6 34.
Qe2 e5 35. Qf2 Nb6 36. h3 Nc4 37. Rxd6 Rxd6 38. Rxd6 Qxd6 39. Qe2 f5 40. Nc1 a5
41. Nd3 a4 42. Nf2 Kf7 43. Kg1 Qd5 44. Kf1 h5 45. Ke1 Ke7 46. Nd3 h4 47. Nf2
Qc5 48. Kf1 Ne3+ 49. Kg1 f4 50. Qd2 Qc4 51. Nd3 Qa2 52. Nc1 Qb1 53. Kf2 Qxb2
54. Qxb2 Nd1+ 0-1

[Event "Chigorin Memorial"]
[Site "St Petersburg"]
[Date "2015.10.03"]
[Round "1.110"]
[White "Smirnov, Timofey"]
[Black "Polozhentsev, Maksim"]
[Result "1-0"]
[WhiteElo "2289"]
[BlackElo "1897"]
[PlyCount "61"]
[EventDate "2015.10.03"]
[EventType "swiss"]
[EventRounds "9"]
[EventCountry "RUS"]

1. e4 c5 2. Nf3 Nc6 3. d4 cxd4 4. Nxd4 g6 5. c4 Bg7 6. Be3 Nf6 7. Nc3 O-O 8.
Be2 d6 9. Qd2 Bd7 10. O-O Rc8 11. f3 Ne5 12. b3 Qa5 13. Rac1 Rfe8 14. Rfd1 a6
15. h3 Nc6 16. Rb1 Nh5 17. b4 Qe5 18. Nd5 Qg3 19. Nxc6 Rxc6 20. Bf2 Qe5 21. f4
Qxe4 22. Bd3 Qe6 23. Re1 Be5 24. fxe5 dxe5 25. Qe3 f6 26. b5 axb5 27. cxb5 Rcc8
28. Nb6 Rc7 29. Rbc1 Rxc1 30. Qxc1 Kg7 31. Bc4 1-0

[Event "Chigorin Memorial"]
[Site "St Petersburg"]
[Date "2015.10.03"]
[Round "1.111"]
[White "Ivanov, Nikolay A"]
[Black "Artamonov, Valery"]
[Result "1-0"]
[WhiteElo "1895"]
[BlackElo "2287"]
[PlyCount "123"]
[EventDate "2015.10.03"]
[EventType "swiss"]
[EventRounds "9"]
[EventCountry "RUS"]

1. c4 Nf6 2. Nc3 c5 3. g3 Nc6 4. Bg2 g6 5. d3 Bg7 6. Bg5 h6 7. Bd2 a6 8. Rb1
O-O 9. a3 b5 10. cxb5 axb5 11. Nxb5 Qb6 12. Nc3 Bb7 13. Nf3 Nd4 14. O-O Nb3 15.
Bf4 g5 16. Be5 d6 17. Bxf6 Bxf6 18. Nd2 Bxg2 19. Kxg2 Nd4 20. Kg1 Qc6 21. e3
Nf5 22. e4 Ng7 23. Nd5 Rfe8 24. Nxf6+ exf6 25. f4 Ra7 26. Qf3 Qd7 27. fxg5 fxg5
28. Nc4 Qe6 29. Ne3 Rf8 30. Qf6 Rb8 31. Nc4 d5 32. Qxe6 fxe6 33. Ne5 Rb3 34.
Rfc1 dxe4 35. dxe4 Ra4 36. Nc4 Ne8 37. Kf2 Nf6 38. Nd2 Rd3 39. Ke2 Rad4 40. Nf3
Rd8 41. Rd1 c4 42. Ne5 R3d4 43. Rxd4 Rxd4 44. Nc6 Rxe4+ 45. Kf3 g4+ 46. Kf2 Nd5
47. Re1 Rxe1 48. Kxe1 Nb6 49. Kd2 Kg7 50. Kc3 Kf6 51. Kb4 e5 52. a4 e4 53. a5
e3 54. Nd4 Ke5 55. Nc2 Nd5+ 56. Kxc4 e2 57. Ne1 Ke4 58. b4 h5 59. b5 h4 60. b6
h3 61. b7 Ne3+ 62. Kc3 1-0

[Event "Chigorin Memorial"]
[Site "St Petersburg"]
[Date "2015.10.03"]
[Round "1.112"]
[White "Isakov, Andrey"]
[Black "Rovnov, Vladislav"]
[Result "1-0"]
[WhiteElo "2286"]
[BlackElo "1895"]
[PlyCount "99"]
[EventDate "2015.10.03"]
[EventType "swiss"]
[EventRounds "9"]
[EventCountry "RUS"]

1. e4 e6 2. d4 d5 3. Nc3 Bb4 4. Nge2 Nc6 5. a3 Ba5 6. Be3 Nge7 7. b4 Bb6 8.
exd5 exd5 9. Ng3 Nf5 10. Bb5 Nxe3 11. Bxc6+ bxc6 12. fxe3 Ba6 13. Kf2 O-O 14.
Re1 Bc8 15. Kg1 a5 16. Qd2 Qg5 17. Nce2 h5 18. Nf4 h4 19. Nh1 Re8 20. Nf2 Qe7
21. Rac1 axb4 22. axb4 Ra3 23. e4 Qg5 24. c3 Bd7 25. e5 Rea8 26. Qe3 Be6 27.
Nxd5 Qxe3 28. Nxe3 Ra2 29. Ne4 Rb2 30. Nd1 Rba2 31. Ndf2 Bc4 32. g3 hxg3 33.
hxg3 Rb2 34. Ra1 Rxa1 35. Rxa1 Rc2 36. Rd1 Bd5 37. Rd2 Rc1+ 38. Kh2 Kh7 39. g4
Kg6 40. Kg3 f5 41. exf6 gxf6 42. Kf4 Rf1 43. Ng3 Rc1 44. Nfe4 Ba7 45. Rf2 Bc4
46. Ke3 Kg7 47. Nh5+ Kh8 48. Nhxf6 Re1+ 49. Kf4 Kg7 50. g5 1-0

[Event "Chigorin Memorial"]
[Site "St Petersburg"]
[Date "2015.10.03"]
[Round "1.113"]
[White "Slugin, Yaroslav"]
[Black "Elistratov, Semen"]
[Result "0-1"]
[WhiteElo "1895"]
[BlackElo "2283"]
[PlyCount "50"]
[EventDate "2015.10.03"]
[EventType "swiss"]
[EventRounds "9"]
[EventCountry "RUS"]

1. e4 c5 2. Nf3 Nc6 3. d4 cxd4 4. Nxd4 e5 5. Nb3 d6 6. Nc3 Be6 7. Be3 Nf6 8. f3
Be7 9. Qd2 O-O 10. O-O-O a5 11. Qf2 a4 12. Nc5 a3 13. b3 Qc8 14. Nxe6 fxe6 15.
Qd2 Nb4 16. Bc4 b5 17. Bxb5 d5 18. exd5 exd5 19. Rhe1 Qxc3 20. Qxc3 Nxa2+ 21.
Kd2 Nxc3 22. Kxc3 d4+ 23. Bxd4 exd4+ 24. Rxd4 Nd5+ 25. Kc4 Nb6+ 0-1

[Event "Chigorin Memorial"]
[Site "St Petersburg"]
[Date "2015.10.03"]
[Round "1.114"]
[White "Leontiev, Aleksandr V"]
[Black "Gadzhiev, Farid"]
[Result "1-0"]
[WhiteElo "2281"]
[BlackElo "1894"]
[PlyCount "43"]
[EventDate "2015.10.03"]
[EventType "swiss"]
[EventRounds "9"]
[EventCountry "RUS"]

1. c4 Nf6 2. Nc3 d5 3. cxd5 Nxd5 4. Nf3 g6 5. Qa4+ c6 6. Qd4 f6 7. e4 Nxc3 8.
Qxd8+ Kxd8 9. bxc3 e5 10. Bc4 Bd6 11. d4 exd4 12. Nxd4 Re8 13. f3 Kc7 14. O-O
b5 15. Be2 a6 16. a4 Bb7 17. Rd1 c5 18. Nb3 f5 19. axb5 fxe4 20. b6+ Kxb6 21.
Rxd6+ Kc7 22. Bf4 1-0

[Event "Chigorin Memorial"]
[Site "St Petersburg"]
[Date "2015.10.03"]
[Round "1.115"]
[White "Glukhov, Dmitriy"]
[Black "Shemeakin, Alexander"]
[Result "0-1"]
[WhiteElo "1893"]
[BlackElo "2275"]
[PlyCount "94"]
[EventDate "2015.10.03"]
[EventType "swiss"]
[EventRounds "9"]
[EventCountry "RUS"]

1. d4 Nf6 2. c4 e6 3. Nc3 Bb4 4. e3 O-O 5. Bd3 d5 6. Nf3 c5 7. O-O Nc6 8. a3
Bxc3 9. bxc3 b6 10. cxd5 exd5 11. c4 cxd4 12. cxd5 Qxd5 13. exd4 Bg4 14. Bb2
Bxf3 15. Qxf3 Qxf3 16. gxf3 Rfd8 17. Rfd1 Nd5 18. Be4 g6 19. Rac1 Rac8 20. Re1
Nce7 21. a4 Nf4 22. Bb7 Rxc1 23. Bxc1 Ned5 24. Bxd5 Nxd5 25. Bh6 f6 26. Rc1 Kf7
27. Bd2 Ke6 28. Kf1 Kd7 29. Ke2 Rc8 30. Rxc8 Kxc8 31. Kd3 Kd7 32. Kc4 Kc6 33.
Bc1 a6 34. Bd2 f5 35. h4 b5+ 36. axb5+ axb5+ 37. Kd3 Nc7 38. Kc3 Kd5 39. Bf4
Ne6 40. Be5 b4+ 41. Kxb4 Nxd4 42. f4 Nc6+ 43. Kc3 Nxe5 44. fxe5 Kxe5 45. Kd3
Kf4 46. Ke2 Kg4 47. f3+ Kxh4 0-1

[Event "Chigorin Memorial"]
[Site "St Petersburg"]
[Date "2015.10.03"]
[Round "1.116"]
[White "Karpenko, Artem"]
[Black "Zajtzeva, Viktoria"]
[Result "1-0"]
[WhiteElo "2274"]
[BlackElo "1891"]
[PlyCount "93"]
[EventDate "2015.10.03"]
[EventType "swiss"]
[EventRounds "9"]
[EventCountry "RUS"]

1. e4 c5 2. Nf3 e6 3. b3 d6 4. Bb2 Nf6 5. d3 Be7 6. Nbd2 O-O 7. g3 Nc6 8. Bg2
Qc7 9. O-O d5 10. exd5 exd5 11. Re1 h6 12. Ne5 Be6 13. Nxc6 Qxc6 14. Nf1 Qd7
15. d4 b6 16. Ne3 Rad8 17. Qd3 Rfe8 18. Rad1 Ng4 19. dxc5 Nxe3 20. c6 Qxc6 21.
Rxe3 Qc8 22. Rde1 Bc5 23. R3e2 Bg4 24. Re5 Rxe5 25. Rxe5 Be6 26. a3 a5 27. Qd2
Qc7 28. b4 axb4 29. axb4 Be7 30. Re2 Bg4 31. Re1 Be6 32. Bd4 Ra8 33. c3 Ra3 34.
Qb2 Ra8 35. Qe2 Re8 36. Qb5 Rb8 37. Bxd5 Bxd5 38. Qxd5 Rd8 39. Qb5 Rb8 40. Ra1
Bd6 41. Ra6 Qe7 42. Qd5 Rd8 43. Bxb6 Bc7 44. Qf3 Rd6 45. Ra8+ Kh7 46. Bd4 Rg6
47. Qf5 1-0

[Event "Chigorin Memorial"]
[Site "St Petersburg"]
[Date "2015.10.03"]
[Round "1.117"]
[White "Mirzaeva, Gulnara"]
[Black "Ovchinnikov, Vsevolod"]
[Result "0-1"]
[WhiteElo "1890"]
[BlackElo "2273"]
[PlyCount "62"]
[EventDate "2015.10.03"]
[EventType "swiss"]
[EventRounds "9"]
[EventCountry "RUS"]

1. e4 e6 2. d4 d5 3. Nd2 Nc6 4. Ngf3 Nf6 5. e5 Nd7 6. Nb3 Be7 7. a4 a5 8. Bb5
Na7 9. Bxd7+ Qxd7 10. Nxa5 b6 11. Nb3 Ba6 12. Ng1 O-O 13. Ne2 c5 14. O-O Nc6
15. Re1 Bxe2 16. Rxe2 c4 17. Nd2 Nxd4 18. Re3 Rxa4 19. Rb1 f6 20. exf6 Bxf6 21.
c3 Nf5 22. Rh3 Rfa8 23. Ne4 Ra1 24. Nxf6+ gxf6 25. Be3 Qa4 26. Qc1 Rxb1 27.
Qxb1 Qa1 28. Qf1 Qxb2 29. Bc1 Qc2 30. Qe1 e5 31. Be3 Qb2 0-1

[Event "Chigorin Memorial"]
[Site "St Petersburg"]
[Date "2015.10.03"]
[Round "1.118"]
[White "Pogorelskikh, Sergey"]
[Black "Martynov, Petr"]
[Result "1-0"]
[WhiteElo "2272"]
[BlackElo "1889"]
[PlyCount "81"]
[EventDate "2015.10.03"]
[EventType "swiss"]
[EventRounds "9"]
[EventCountry "RUS"]

1. Nf3 Nf6 2. g3 d5 3. Bg2 Bf5 4. O-O c6 5. d3 e6 6. Nbd2 Bd6 7. b3 O-O 8. Bb2
Nbd7 9. Re1 Qc7 10. e4 dxe4 11. dxe4 Bg4 12. e5 Nxe5 13. Bxe5 Bxe5 14. Rxe5
Qxe5 15. Nxe5 Bxd1 16. Rxd1 Rad8 17. Nd3 Rfe8 18. f4 Nd5 19. Kf2 Re7 20. Bf3
Kf8 21. Ne4 Ke8 22. c4 Nf6 23. Nxf6+ gxf6 24. Nc5 Rxd1 25. Bxd1 f5 26. Nd3 Rd7
27. Ke3 Ke7 28. Bf3 Kf6 29. c5 Rd8 30. a4 a6 31. Nb2 e5 32. Nc4 e4 33. Be2 Rd5
34. b4 Rd8 35. a5 Ke6 36. Nd6 Rxd6 37. cxd6 Kxd6 38. Kd4 h6 39. Bf1 Ke6 40. Kc5
e3 41. Bd3 1-0

[Event "Chigorin Memorial"]
[Site "St Petersburg"]
[Date "2015.10.03"]
[Round "1.119"]
[White "Efimenko, Aleksandr"]
[Black "Balaian, Alina"]
[Result "0-1"]
[WhiteElo "1871"]
[BlackElo "2269"]
[PlyCount "118"]
[EventDate "2015.10.03"]
[EventType "swiss"]
[EventRounds "9"]
[EventCountry "RUS"]

1. e4 e6 2. d4 d5 3. Nd2 Nf6 4. e5 Nfd7 5. Bd3 c5 6. c3 Nc6 7. Ne2 f6 8. exf6
Nxf6 9. f4 cxd4 10. cxd4 Qb6 11. Nf3 Bb4+ 12. Bd2 Ne4 13. Bxe4 dxe4 14. Ne5
Nxe5 15. fxe5 O-O 16. Bxb4 Qxb4+ 17. Qd2 Qxd2+ 18. Kxd2 Rf2 19. Rhg1 Bd7 20.
Raf1 Rxf1 21. Rxf1 Bc6 22. g3 b5 23. Ke3 Bd5 24. Nc3 Rc8 25. Rc1 b4 26. Ne2 Rf8
27. Nf4 Bxa2 28. Kxe4 g5 29. Nd3 Bd5+ 30. Ke3 b3 31. Nf2 Rf3+ 32. Ke2 Rf7 33.
Rc3 h5 34. Nh3 Rg7 35. Ng1 g4 36. Ke1 a5 37. Ne2 a4 38. Rc8+ Kh7 39. Nc3 a3 40.
bxa3 b2 41. Rb8 Rb7 42. Rxb7+ Bxb7 43. Kd2 Be4 44. a4 b1=Q 45. Nxb1 Bxb1 46.
Ke3 Ba2 47. a5 Bc4 48. Kd2 Kg6 49. Kc3 Bf1 50. Kb4 Kf5 51. Kc5 Bg2 52. a6 Bd5
53. Kd6 Ke4 54. a7 Kxd4 55. a8=Q Bxa8 56. Kxe6 Bc6 57. Kf5 Ke3 58. e6 Kf3 59.
Kg5 Be8 0-1

[Event "Chigorin Memorial"]
[Site "St Petersburg"]
[Date "2015.10.03"]
[Round "1.120"]
[White "Iljin, Timofey"]
[Black "Kiseleva, Ekaterina"]
[Result "1-0"]
[WhiteElo "2266"]
[BlackElo "1859"]
[PlyCount "67"]
[EventDate "2015.10.03"]
[EventType "swiss"]
[EventRounds "9"]
[EventCountry "RUS"]

1. d4 Nf6 2. c4 g6 3. Nc3 Bg7 4. e4 d6 5. Be2 O-O 6. Nf3 e5 7. O-O Nc6 8. d5
Ne7 9. b4 Nd7 10. Ba3 f5 11. c5 Nf6 12. cxd6 cxd6 13. Ng5 h6 14. Ne6 Bxe6 15.
dxe6 Nxe4 16. Nxe4 fxe4 17. b5 Nf5 18. Qd5 Qe7 19. Qxe4 Nd4 20. Bc4 Rf6 21. f4
Rxf4 22. Rxf4 exf4 23. Qxg6 Kh8 24. Re1 f3 25. Bd3 f2+ 26. Kxf2 Qh4+ 27. g3
Qf6+ 28. Qxf6 Bxf6 29. Bxd6 Re8 30. e7 Kg7 31. h4 Kf7 32. Bc4+ Kg7 33. Re5 Kh7
34. Bf7 1-0